Most Watched Television Programs (2017) Quiz Stats

 Plays Quiz not verified by Sporcle

Score 0/50 Timer 10:00
0 Plays Today
Total Viewers Program % Correct
111,998,000Super Bowl LI: New England Patriots vs. Atlanta Falcons
87.9%
23,079,000The Big Bang Theory S11 E1 'The Proposal'
63.6%
21,959,000The Big Bang Theory S10 E12 'The Holiday Summation'
63.6%
20,116,000The Big Bang Theory S10 E13 'The Romance Recalibration'
63.6%
19,391,000The Big Bang Theory S10 E14 'The Emotion Detection Automation'
63.6%
19,312,000The Big Bang Theory S11 E6 'The Proton Rengeneration'
63.6%
19,269,000The Big Bang Theory S10 E15 'Locomotion Reverberation'
63.6%
19,115,000The Big Bang Theory S11 E2 'The Retraction Reaction'
63.6%
18,559,000The Big Bang Theory S11 E7 'The Geology Methodology'
63.6%
18,541,000The Big Bang Theory S11 E9 'The Bitcoin Entanglement'
63.6%
18,322,000The Big Bang Theory S10 E17 'The Comic-Con Conundrum
63.6%
18,283,000The Big Bang Theory S11 E8 'The Telsa Recoil'
63.6%
28,367,000World Series Game 7: Houston Astros vs. Los Angeles Dodgers
45.5%
24,788,000NBA Finals Game 5: Golden State Warriors vs. Cleveland Cavaliers
45.5%
22,372,000World Series Game 6: Houston Astros vs. Los Angeles Dodgers
45.5%
20,352,000NBA Finals Game 3: Golden State Warriors vs. Cleveland Cavaliers
45.5%
19,902,000NBA Finals Game 2: Golden State Warriors vs. Cleveland Cavaliers
45.5%
19,313,000NBA Finals Game 4: Golden State Warriors vs. Cleveland Cavaliers
45.5%
19,057,000World Series Game 5: Houston Astros vs. Los Angeles Dodgers
45.5%
19,056,000NBA Finals Game 1: Golden State Warriors vs. Cleveland Cavaliers
45.5%
24,532,000NFL Sunday Night Football: Dallas Cowboys vs. New York Giants
42.4%
23,972,000NFL Sunday Night Football: Green Bay Packers vs. Detroit Lions
42.4%
21,198,000NFL Sunday Night Football: Philadelphia Eagles vs. Dallas Cowboys
42.4%
20,350,000NFL Sunday Night Football: Atlanta Falcons vs. Green Bay Packers
42.4%
19,075,000NFL Sunday Night Football: Pittsburgh Steelers vs. Green Bay Packers
42.4%
Total Viewers Program % Correct
34,115,000The Oscars
39.4%
21,069,000Oscars Red Carpet Preview Show
39.4%
19,802,000NCIS S14 E13 'Keep Going'
39.4%
19,721,000NCIS S14 E11 'Willoughby'
39.4%
19,287,000NCIS S14 E14 'Nonstop'
39.4%
19,180,000NCIS S14 E15 'Pandoras Box, Part 1'
39.4%
18,816,000NCIS S14 E12 'Off The Grid
39.4%
18,330,000NCIS S14 E16 'A Many Splendored Thing'
39.4%
27,594,000Grammy Awards
30.3%
48,070,000AFC Championship: New England Patriots vs. Pittsburgh Steelers
27.3%
27,011,000NFL Playoff: Seattle Seahawks vs. Detroit Lions
21.2%
19,874,000This Is Us S2 E1 'A Father's Advice'
21.2%
20,756,000Golden Globe Awards
18.2%
19,211,000The Good Doctor S1 E1 'Burnt Food'
18.2%
18,224,000The Good Doctor S1 E3 'Oliver
18.2%
29,997,000NFL Divisional Playoff: New England Patriots vs. Houston Texans
15.2%
22,461,000Young Sheldon S1 E1 'Pilot'
15.2%
20,945,00024: Legacy S1 E1 '12:00 Noon- 1:00 p.m.
15.2%
19,802,000NFL Sunday Night Football: Seattle Seahawks vs. Philadelphia Eagles
15.2%
19,450,000NFL Sunday Night Football: New England Patriots vs. Atlanta Falcons
15.2%
37,291,000NFL Divisional Playoff: Pittsburgh Steelers vs. Kansas City Chiefs
12.1%
21,973,000NFL Sunday Night Football: Kansas City Chiefs vs. New England Patriots
12.1%
24,667,000College Football Championship: Clemson vs. Alabama
9.1%
23,261,000NCAA Basketball Championship North Carolina vs. Gonzaga
9.1%
18,914,000NCAA March Madness Final Four: North Carolina vs. Oregon
6.1%

You're not logged in!

Compare scores with friends on all Sporcle quizzes.
OR
Log In

Show Comments

Extras

Top Quizzes Today


Score Distribution

Your Account Isn't Verified!

In order to create a playlist on Sporcle, you need to verify the email address you used during registration. Go to your Sporcle Settings to finish the process.

Report this User

Report this user for behavior that violates our Community Guidelines.

Details: